[Event "Turnier 40 / 120"]
[Site "Wien"]
[Date "2022.11.22"]
[Round "6"]
[White "Novag Star Diamond H8 - 25 MHZ"]
[Black "Pewatronic Masterchess SH7034 - 24 MHZ"]
[Result "1/2-1/2"]
[BlackElo "2150"]
[WhiteElo "2160"]

{Analyse -----> Komodo 13.02.} 1. c4 Nf6 2. d4 e6 3. Nf3 d5 4. Nc3 c5 5.
cxd5 Nxd5 6. e3 Nc6 7. Bd3 Be7 8. O-O O-O 9. a3 cxd4 10. exd4 Bf6 11. Be4
Nce7 {Buchende} 12. Ne5 {Buchende} Nf5 {Buchbewertung Pewatronic
Masterchess: 0,0} 13. Bxf5 {Buchbewertung Novag Star Diamond: +0,23 / lt.
Komodo ist die Stellung etwa gleich} exf5 14. Qb3 Nxc3 15. Qxc3 {klar
schwächer als bxc3, Komodo -1,00} Re8 16. Bf4 Be6 17. Rfe1 Bd5 18. Rac1 Rc8
19. Qh3 Rxc1 20. Rxc1 Qb6 21. Qc3 Rd8 22. b4 Be6 23. Be3 f4 24. Bxf4 Qxd4
25. Qxd4 Rxd4 26. Bg3 Rd5 27. f4 h5 28. Kf1 g5 29. Re1 h4 30. Bf2 h3 31. g3
gxf4 {deutlich schwächer als a5, Komodo +0,60} 32. gxf4 a6 33. Re4 Rd2 34.
Re2 Rd1+ 35. Re1 Rxe1+ {besser ist Td5, nach dem Textzug ist jeglicher
Vorteil dahin, die Stellung ist im Lot} 36. Kxe1 Be7 37. Ke2 f6 38. Nd3 Kf7
39. Bb6??? {ein Verlustzug, danach ist die Partie sofort verloren, Komodo
+5,00 mit der Fortsetzung Lc4, nötig war Kf3 mit Ausgleich} Bd5???
{verpasst den sofortigen, Gewinn, Lc4, Ke3, Lxd3 und Schwarz gewinnt,
allerdings muss man sagen, diese Gewinnstellung ist alles andere als
offentsichtlich und erfordert eine nicht machbare Rechentiefe um den Gewinn
hier auch zu sehen, trotzdem schade um die verpasste Chance, die Stellung
ist wieder im Lot, hier will ich aber dem Pewatronic keinen Vorwurf machen,
denn z.B. Rybka 2.3 sieht nach 5 Minuten und einer Rechentiefe von 27 HZ !!
auch noch keinen Gewinn, sondern nur hauchdünnen Vorteil mit +0,25, für
Komodo und Stockfish ist es nur eine Sache von Sekunden, um den Sieg zu
sehen, aber das ist halt eine andere Liga.} 40. Ke3 {besser ist Kf2, Komodo
-0,50} Ke6 41. Kd4 {immer noch ist Kf2 besser, Komodo -0,70} Bg2 42. Bc7
{besser ist Sc5, Komodo -1,00} Kd7 43. Bb6 {besser ist Lb8} Bd6 44. Ke3
{besser ist Kc3, hier ist Schwarz bereits klar im Vorteil, Komodo +2,00 mit
der Fortsetzung Ke6} Ke6 45. Nc1 Bf1??? {ein ganz schlechter Zug, der den
Grossteil des Vorteiles verspielt, Komodo +0,80, mit Kf5 wäre Schwarz
bereits entscheidend mit +2,30 im Vorteil gewesen} 46. Ke4? {ein Verlustzug
danach ist die Partie sofort verloren, Komodo -5,00, nötig war Sb3} f5+!
{richtig} 47. Kf3 Bc4! {wieder richtig, allerdings Pewatronic Masterchess
sieht noch absolut keinen Vorteil, Bewertung 0,0} 48. Ke3 {Novag Star
Diamond sieht geringen Nachteil: -0,57} Kd5 {wieder richtig, aber
Pewatronic sieht nach wie vor keinerlei Vorteil, Bewertung 0,0} 49. Bd8 Bb8
50. Bb6 Ke6??? {ein grottenschlechter Zug, um ganze 3 Bauerneinheiten !!!
schlechter als Kc6, dennoch steht Schwarz klar besser, Komodo +2,30} 51.
Kf3 Kd5 {das ist zwar der richtige Zug, Komodo +5,00, allerdings aus Sicht
von Pewatronic ist es eigentlich eine Resignation, denn es ist ein
Remisangebot durch Stellungswiederholung, Pewatronic daher natürlich 0,0
!!} 52. Ke3 Kc6! {jetzt zieht aber Pewatronic sein Remisangebot zurück,
sieht nur minimalen Vorteil: +0,2 / Komodo +7,00} 53. Bd4 Kb5 {ein
Katastrophenzug, um ganze 6 Bauerneinheiten !!! schlechter als b5, Komodo
nur noch +0,80} 54. Be5 Bxe5??? {indiskutabel, verschenkt endgültig den
Sieg, damit ist jeglicher Vorteil dahin, die Stellung ist im Lot, nötig war
La7+ mit etwas Vorteil} 55. fxe5 Ka4 56. Nd3 Kxa3 57. Kd4 Kb3 58. Nb2???
{ein Verlustzug, danach ist die Partie sofort verloren, Komodo -3,00 mit
der Fortsetzung Lg8, Remis hätte e6 gehalten} Bf7??? {verpasst neuerlich
den sofortigen Gewinn, danach ist es wohl wieder Remis} 59. Nd3 b6 60. Nf4
Kxb4 61. e6 Be8 62. Nd5+ Kb3 63. Nc7 Bh5 64. Ke5 a5 65. Kxf5 a4 66. e7 a3
67. Kg5 Bf7 68. Kf6 Bh5 69. Kg5 Bf7 70. Kf6 Bh5 71. Kg5
{Stellungswiederholung} 1/2-1/2
[/pgn]
[pgn]

[Event "Turnier 40 / 120"]
[Site "Wien"]
[Date "2021.05.09"]
[Round "7"]
[White "Pewatronic Masterchess SH7034 - 24 MHZ"]
[Black "Novag Star Diamond H8 - 25 MHZ"]
[Result "1-0"]
[BlackElo "2160"]
[WhiteElo "2150"]

{Analyse -----> Komodo 13.02.} 1. c4 c5 2. Nf3 Nf6 3. g3 {Buchende
Pewatronic} b6 4. Bg2 {Buchbewertung Pewatronic Masterchess: +0,1} Bb7 5.
O-O g6 {Buchende Diamond II / diese Eröffnung gab es auch im Match gegen
Novag Diamond II und endet mit einem Remis} 6. d3 d6 {Buchbewertung Novag
Star Diamond II +0,30, lt. Komodo ist die Stellung etwa gleich} 7. Nbd2 Bg7
8. Rb1 Qd7 9. b4 cxb4 10. Rxb4 Na6 11. Rb1 O-O {hier weicht die Partie ab
von jener gegen Novag Diamond II, der spielte hier Sc5} 12. Bb2 Nc5 {nur
eine Zugumstellung, damit verläuft die Partie wieder parallel zu jener
gegen Diamond II} 13. d4 Nce4 14. Nxe4 Bxe4 15. Rc1 Rfc8 16. Qb3 Rab8 17.
a3? {ein schwacher Zug, deutlich besser ist Sg5 oder a4, Komodo -1,00} Bh6
18. e3 Qb7 {klar schwächer als b5, Komodo +0,30} 19. Nh4 Bxg2 20. Nxg2 Ne4
21. Rc2 Ng5 22. f4 Ne4 23. Rb1 Bg7 24. Ba1? {hier sorgt Pewatronic
Masterchess für eine Abweichung von der Partie gegen Diamond II, wohl
aufgrund der unterschiedlichen Bedenkzeiten, ein schlechter Zug, gegen
Diamond II spielte er den weit besseren Zug Tbc1, nach dem Textzug steht
Weiss bereits ganz schlecht, Komodo -1,30} a6 {klar schwächer als e6,
Komodo +0,80} 25. Rbc1 {besser ist a4, Komodo -1,20} b5 26. cxb5 axb5 27.
Bc3 Ra8 {besser ist Tc4, Komodo +0,70} 28. Ne1 Rc4 29. Bb4 d5 30. Nd3 Rac8
31. Qb1 e6 32. Nc5 Rxc2 33. Qxc2 Qc6 34. Qd3 Bf8 35. Nb3 Qxc1+ {auf den
ersten Blick scheint es absurd, die Dame für Turm + Springer zu geben,
dennoch ist die Stellung Remis, Komodo 0,00, etwas besser ist trotzdem De8
aber auch nur mit ca. +0,40, also nicht ganz korrekt, aber interessant
allemal} 36. Nxc1 Rxc1+ 37. Kg2 Bxb4 38. axb4 Rc4 39. Qb1 Kg7 40. Kh3 Rc3
41. Qf1 Nd6 42. e4 Nxe4 43. Qxb5 {die Stellung ist immer noch im Lot,
Komodo 0,00} h5 44. Qb8 Rc1 45. Qe8 Nf2+ 46. Kg2 Ng4 47. h3 Ne3+ 48. Kf2
Nf5??? {und nun macht Novag Star Diamond nach diesem interessanten Spiel
leider doch noch den Verlustzug, Sc4 !! hätte das Remis gehalten, Komodo
-2,50 mit der Fortsetzung b5} 49. b5! Rc2+ 50. Ke1 Nxd4 51. b6 Rb2? {mehr
Widerstand leistet noch Tc1+, Komodo -3,50} 52. Qb8! {richtig} Nf3+ 53. Kd1
Rb1+ 54. Kc2 Rb4 55. b7 {besser ist Dc7, aber auch diese Fortsetzung
gewinnt natürlich, Komodo +3,50} Nd4+ 56. Kc3 Rc4+ 57. Kd3 Nc6 58. Qd6 h4?
{mehr Widerstand leistet noch Kf6, Komodo -5,00} 59. gxh4 Rd4+ 60. Kc3 Rc4+
61. Kd2 Rd4+ 62. Kc2 Rc4+ 63. Kb2 Kf6 64. Qxc6 Rxc6 65. b8=Q Rc4 66. Qd6
Rc8 67. Qe5+ Ke7 68. Qg5+ Kd6 69. h5 gxh5 70. Qxh5 Ke7 {Rest geschenkt, der
zusätzlich Freibauer von Weiss lässt natürlich keine Zweifel mehr offen,
Userentscheid: 1-0} 1-0
[/pgn]
[pgn]

[Event "Turnier 40 / 120"]
[Site "Wien"]
[Date "2022.11.23"]
[Round "8"]
[White "Novag Star Diamond H8 - 25 MHZ"]
[Black "Pewatronic Masterchess SH 7034 - 24 MHZ"]
[Result "0-1"]
[BlackElo "2150"]
[WhiteElo "2160"]

{Analyse ---> Komodo 13.02.} 1. d4 d5 2. c4 c6 3. Nc3 Nf6 4. e3 e6 5. Nf3
Nbd7 6. Bd3 Bd6 7. e4 dxe4 8. Nxe4 Nxe4 9. Bxe4 O-O 10. O-O c5 11. Bc2
{Buchende} Qc7 {Buchende} 12. Re1 {Buchbewertung Novag Star Diamond: +0,53}
cxd4 {Buchbewertung Pewatronic Masterchess: -0,1 / weniger gut besser ist
Td8 danach wäre die Stellung exakt im Lot nach dem Textzug steht Weiss
besser lt. Komodo mit ca. +0,80} 13. Qxd4 e5 14. Qe4? {klar schwächer als
Dh4, nach dem Textzug ist die Stellung im Lot, Komodo 0,00} f5 15. Qd5+ Kh8
16. Rd1 Bc5 17. Qd2 {weniger gut, besser ist Le3} Nf6 {besser ist a5} 18.
b4 Ne4 19. Bxe4 fxe4 20. bxc5 exf3 {die Stellung ist im Lot, Komodo 0,00}
21. Qd6 Qf7 22. g3 Be6 {besser ist Te8} 23. c6? {ein ganz schlechter Zug,
völlig unverständlich warum nicht Dxe5 ?, Komodo -1,00} Qf5 24. Kh1 bxc6
25. Qxc6 Rfc8 26. Qb7 Bxc4 27. Ba3? {ein schlechter Zug, danach ist Schwarz
bereits klar im Vorteil, Komodo +1,40, deutlich besser ist g4 mit ca. +0,70
für Schwarz} a5 28. Bd6 e4 29. Rd4??? {Novag Star Diamond: -1,03 / ein
totales BLACKOUT, übersieht ein Matt in 7} Qh3 {Pewatronic Masterchess
sieht es nach 1 Sekunde: Ankündigung Matt in 7} 30. Qxg7+ {Novag Star
Diamond: -11,53 -----> aufgegeben !} 0-1
[/pgn]
[pgn]

[Event "Turnier 40 / 120"]
[Site "Wien"]
[Date "2022.11.23"]
[Round "9"]
[White "Pewatronic Masterchess SH7034 - 24 MHZ"]
[Black "Novag Star Diamond H8 - 25 MHZ"]
[Result "1-0"]
[BlackElo "2160"]
[WhiteElo "2150"]

{Analyse ----> Komodo 13.02.} 1. d4 d5 2. c4 dxc4 3. Nf3 Nf6 4. e3 Bg4 5.
Bxc4 e6 6. Nbd2 Nbd7 {Buchende} 7. O-O {Buchende} Bd6 {Buchbewertung Novag
Star Diamond: -0,07} 8. e4 {Buchbewertung Pewatronic Masterchess: +0,4 /
lt. Komodo steht Weiss etwas besser mit ca. +0,60} Bf4 9. Re1 Nb6 10. Bb3
Rc8? {ein ganz schlechter Zug, deutlich besser ist c6, Komodo -1,50} 11.
Nc4? {verpasst klaren Vorteil, der mit h3 zu haben war, Komodo +0,40} Nxc4?
{ein schlechter Zug, nötig war Lxc1, Komodo -1,30} 12. Bxf4 Bxf3? {Novag
Star Diamond hat hier überhaupt keinen Überblick und manövriert sich
praktisch mit jedem Zug in eine schlechtere Lage, Komodo -1,80, besser ist
Sa5} 13. Qxf3 Qxd4 14. Rad1 Qc5 15. Qc3 b5 16. Be3 Qc6? {klar schwächer als
Dh5, danach ist die Partie praktisch schon verloren, Komodo -2,30} 17.
Bxa7? {ein schwacher Zug, der den Vorteil von Weiss halbiert, Komodo +1,30,
nötig war Lg5} Ra8? {ganz schwach, nötig war 0-0, Komodo -2,20} 18. Bd4
Nxe4??? {also Novag Star Diamond lässt in diesem Mittelspiel wahrlich kein
Fettnäpfchen aus, dieser Zug verliert wohl die Partie endgültig, Komodo
-4,00 mit der Fortsetzung Df3, nötig war e5} 19. Qf3 Ncd6 20. Bxg7
{schwächer als Dg4 aber Weiss steht klar auf Gewinn, Komodo +3,40} Rg8 21.
Be5 Ra6 22. Rc1? {weit schwächer als h4, Komodo +2,50} Qb7 23. Bxd6
{schwächer als Lxe6, Weiss steht aber nach wie vor klar auf Gewinn, Komodo
+2,00} Nxd6 24. Qxb7? {klar schwächer als Ld5, Komodo +1,50} Nxb7 25. Rxc7
Nd6 26. Rd1 h5 27. Kf1 Rg5 28. h3 Re5 29. g4 hxg4 30. hxg4 {Komodo +1,20}
f6??? {ein Verlustzug, danach ist die Partie klar verloren, Komodo -3,00
mit der Fortsetzung Kg2} 31. Rdc1?? {ein ganz schlechter Zug, der den
Vorteil von Weiss halbiert, Komodo +1,50} Nc4? {klar schwächer als Kd8,
Komodo -2,40} 32. Bxc4 bxc4 33. a3 Rb5 34. Rc2 {klar schwächer als als
T1xc4, Komodo +1,60} Rab6?? {ein Verlustzug, danach ist wieder alles klar
verloren, Komodo -3,00 mit der Fortsetzung T2xc4, nötig war Ta4} 35. R2xc4
Rxb2??? {Novag Star Diamond: -0,38 sieht hier noch keine Gefahr, verliert
forciert, deutlich mehr Widerstand leistet noch Kd8 oder Tb8 mit ca. -3,50,
Komodo -10,00 !!!} 36. Rh7! {richtig und Pewatronic sieht den Gewinn,
Bewertung: +4,6 !!} Rb1+ {Novag Star Diamond: -0,84 sieht immer noch nicht
die Gefahr} 37. Kg2 {Pewatronic Masterchess: +5,0} Kd8 {Novag Star Diamond
sieht es ein: -6,23} 38. Rcc7 Rd6 39. Ra7 Kc8 40. Rh8+ Rd8 41. Ra8+ Kd7 42.
Rhxd8+ {Rest geschenkt} 1-0
[/pgn]
[pgn]

[Event "Turnier 40 / 120"]
[Site "Wien"]
[Date "2021.05.14"]
[Round "10"]
[White "Novag Star Diamond H8 - 25 MHZ"]
[Black "Pewatronic Masterchess 24 MHZ"]
[Result "0-1"]
[BlackElo "2150"]
[WhiteElo "2160"]

{Analyse -----> Komodo 13.02.} 1. e4 e6 2. d4 d5 3. Nd2 Nf6 4. e5 Nfd7 5.
Bd3 c5 6. c3 Nc6 7. Ne2 cxd4 8. cxd4 Qb6 9. Nf3 f6 10. exf6 Nxf6 11. O-O
Bd6 12. Nc3 {Buchende} O-O {Buchende / auch diese Eröffnung wurd im Match
gegen Novag Diamond II gespielt, damals gewann Pewatronic Masterchess} 13.
Nb5 {Buchbewertung Novag Star Diamond: 0,00} Bb8 {Buchbewertung Pewatronic
Masterchess 0,0 / lt. Komodo ist die Stellung gleich} 14. Re1 Bd7 15. Nc3
Bd6 16. Bb1 Rac8 17. Qd3 Nb4 18. Qe2 Nc6 19. Qd3 g6 20. Kh1??? {Novag Star
Diamond: -0,34 / hier weicht die Partie ab von jener gegen Novag Diamond
II, der spielte damals den ebenfalls ganz schlechten Zug a4, auch der
Textzug ist praktisch ein Verlustzug, Komodo -2,00 mit der Fortsetzung Sg4,
nötig war h3 mit annäherndem Ausgleich} Ng4! {Pewatonic Masterchess sieht
sich bereits klar im Vorteil: +1,1} 21. Re2?? {nochmals ganz schlecht,
deutlich mehr Widerstand leistet noch Tf1 mit ca. -2,00 / Komodo -3,70 mit
der Fortsetzung e5} Bxh2??? {ein grottenschlechter Zug, der nicht nur den
gesamten Vorteil verspielt, sondern sogar schon Weiss in Vorteil bringt, um
ganze 4,5 Bauerneinheiten !!! schlechter als e5, Komodo +0,70 für Weiss
!!!} 22. Nxh2 Nxf2+ 23. Rxf2 Rxf2 24. Nd1?? {ein ganz schlechter Zug, der
Schwarz wieder in Vorteil bringt, Komodo +0,50 mit der Fortsetzung Tf7,
klaren Vorteil versprach Dg3 mit +1,00 für Weiis} Na5 {etwas schwächer als
Tf7, danach ist die Stellung im Lot, Komodo 0,00} 25. Qe3 Rf7 26. Nf3
{besser ist Ld3, nach dem Textzug ist Schwarz wieder leicht im Vorteil mit
ca. +0,60 mit der Fortsetzung Sc4} Nc4 27. Qe2? {klar schwächer als Dg1,
Komodo -1,30 mit der Fortsetzung e5} Rxf3??? {also diesen man muss es BUG
beim Pewatronic Masterchess nennen hat er schon öfters gezeigt, dass er der
Meinung ist, die Qualität sei nur einen Bauern wert, das ist natürlich
völliger Schwachsinn und verschenkt jeglichen Vorteil, Komodo 0,00} 28.
gxf3 Qxd4 29. Kg2 e5 30. Bg5? {weit schwächer als Sf2, danach wäre Weiss
schon etwas im Vorteil, nach dem Textzug ist der Spiess wieder umgedreht,
hiert könnte Schwarz mit h6 ! in Vorteil gelangen mit ca. +0,80} Ba4? {das
bringt gar nichts und kehrt neuerlich den Spiess um, Komodo +0,50 für
Weiss} 31. Ne3 Nxb2 32. Nxd5 Qxd5 {Pewatronic Masterchess: +1,8 ?? /
schätzt hier die Lage völlig falsch ein in Wahrheit steht Weiss etwas
besser Komodo +0,70} 33. Qxb2 {Novag Star Diamond: -1,00 glaubt sich auch
im Nachteil} e4 34. f4??? {aber diese Stellung überfordert beide Geräte
irgendwie verständlich mit den Damen am offenen Brett, der Fairness halber
sei noch gesagt auch Pewatronic Masterchess hatte f4 ?? vorgeschlagen, das
ist ein echter Horrorzug, der die Partie sofort verliert, Komodo -6,50 mit
der Fortsetzung e3+, nötig war Lh6 mit leichtem Vorteil für Weiss (der
Textzug ist um ganze 7 Bauerneinheiten !!! schlechter.} e3+ 35. Kg3 Qd2 36.
Bf6? {schon egal, aber nochmals um ganze 10 Bauerneinheiten !!! schlechter
als De5, Komodo -16,00 mit der Fortsetzung Tc2} Rc2! 37. Qxc2 {Novag Star
Diamond: -7,46 -----> aufgegeben !} 0-1
[/pgn]
[pgn]

[Event "Turnier 40 / 120"]
[Site "Wien"]
[Date "2021.05.14"]
[Round "11"]
[White "Pewatronic Masterchess SH7034 - 24 MHZ"]
[Black "Novag Star Diamond H8 - 25 MHZ"]
[Result "1-0"]
[BlackElo "2160"]
[WhiteElo "2150"]

{Analyse ----> Komodo 13.02.} 1. e4 e5 2. Nf3 Nc6 3. Bc4 Bc5 4. c3 Nf6 5.
d4 exd4 6. cxd4 Bb4+ 7. Bd2 Bxd2+ 8. Nbxd2 d5 9. exd5 Nxd5 10. Qb3 Nce7 11.
O-O O-O 12. Rfe1 c6 {Buchende} 13. a4 {Buchende / auch diese Eröffnung gab
es im Match gegen Novag Diamond II und endete damals mit Remis} Rb8
{Buchbewertung Novag Star Diamond: -0,03} 14. Ne4 {Buchbewertung Pewatronic
Masterchess 0,00, lt. Komodo steht Weiss knapp besser mit ca. +0,30} Bf5
15. Qa3 Qc7 16. Rac1 Rbd8 17. Nc3 Qf4 18. Qc5 a6 19. Qa7 Rb8 20. Rcd1 Qd6
{hier weicht die Partie ab von jener gegen Novag Diamond II, der spielte
hier 20. Tfd8} 21. Qc5 Qxc5 22. dxc5 Nxc3 23. bxc3 Ng6? {ein schlechter
Zug, danach ist Weiss klar im Vorteil, Komodo +1,00 mit der Fortsetzung
Sd4, nötig war Tfe8 mit Ausgleich} 24. Ne5? {weit schwächer als Sd4, danach
ist Weiss nur noch knapp im Vorteil mit ca. +0,30} Nxe5 25. Rxe5 Bg6? {ein
schlechter Zug, danach ist Weiss weider klar im Vorteil, Komodo +1,00 mit
der Fortsetzung f4, nötig war Lc2 mit annäherndem Ausgleich} 26. f4! Rbe8
27. Rxe8 Rxe8 28. g4 h5?? {ein Verlustzug, danach ist die Partie bereits
verloren, Komodo -3,00 mit der Fortsetzung f5, deutlich besser ist der von
Pewatronic Masterchess vorgeschlagene Zug Le4 mit ca. -1,30} 29. f5!
{Pewatronic Masterchess: +1,6} Bh7 {Novag Star Diamond: -0,96 ist hier noch
viel zu optimistisch} 30. Rd7 Kh8? {Novag Star Diamond: -1,00 bleibt viel
zu optimistisch / Komodo -4,50, besser ist noch Tf8} 31. Bxf7! {Pewatronic
Masterchess: +3,0 / Novag Star Diamond hatte den weit schwächeren Zug Txb7
erwartet.} Rb8 {Novag Star Diamond: -2,38} 32. Bxh5 {Komodo +6,00} Bg8 33.
g5 a5 34. f6? {ein schlechter Zug, Pewatronic Masterchess verwirft im
letzten Moment den weit besseren Zug Lg6, das hätte Komodo bereits mit
+7,00 bewertet, der Textzug ist um ganze 3 Bauerneinheiten schlechter,
dennoch gewinnt natürlich auch das, Komodo +4,00} gxf6 35. gxf6 Be6? {weit
schwächer als Tf8, Komodo -6,00} 36. Re7 Bd5 37. f7? {weit schwächer als
Lg6 (das bewertet Komodo bereits mit +7,00), der Textzug halbiert in etwa
den Vorteil von Weiss, Komodo +4,00} Rf8 38. Rxb7 Kg7 39. Ra7? {um ganze 2
Bauerneinheiten !! schwächer als Kf2, Komodo +3,00} Rh8??? {ein absoluter
Katastrophenzug, der die Partie sofort verliert, danach ist nichts mehr zu
rettten, Komodo -9,00 !!! mit der Fortsetzung f8D+} 40. Bg4??? {ein
grottenschlechter Zug, der den sofortigen Gewinn verpasst, um ganze 6
Bauerneinheiten !! schlechter als f8D+, Komodo +3,00} Rb8 41. h4 Rh8???
{eine Wiederholung des gleichen Katastrophenzug um ganze 11 Bauerneinheiten
!! schlechter als Kf6, Komodo -14,00 mit der Fortsetzung f8D+} 42. h5???
{aber dieses Endspiel überfordert beide Geräte bei weitem, ebenfalls um
ganze 11 Bauerneinheiten !!! schlechter als f8D+, Komodo +3,00} Kf6 43.
Rxa5 Bxf7 44. Bf3 Bxh5 45. Bxc6 Ke5 46. Bg2 Bf7 {Komodo -5,00} 47. Kf2
{weit schwächer als Ta8, Komodo +3,50} Bb3 48. c6+ Kd6 49. Ra7 Be6 50. Ke3
Bf5 51. a5 Re8+ 52. Kf4 Rf8 53. Kg3 {weit schwächer als c7 das bewertet
Komodo bereits mit +7,00, Komodo +4,00} Rg8+ 54. Kf2 Rf8 55. Ke2?? {sofort
gewinnt c7 mit +7,00, Komodo +2,30} Re8+ 56. Kd2 Rb8 57. Rb7 Rg8 58. Bh1?
{absurd, natürlich Lf3, Komodo trotzdem +3,50} Rg1 59. Bf3 Ra1 60. Rb5 Ra2+
61. Ke3 Bc8 62. Rb8 Kc7 63. Ra8 {Komodo +6,50} Rc2 {besser ist noch Le6,
Komodo -8,50} 64. Kd4 Ra2 {immer noch war Le6 besser, aber es spielt keine
Rolle mehr.} 65. c4 {Komodo +13,00} Rd2+ 66. Kc5 Bh3 {Novag Star Diamond:
-7,23 ----> aufgegeben !} 1-0
[/pgn]
[pgn]